000 00754nam a2200193 a 4500
001 000647501
003 AM-YeHGA
005 20250617161032.0
008 090330s1963 ai | |||||||||||||rus|d
040 _aAM-YeHGA
041 0 _arus
100 1 _aВолков, Г.И.
245 1 0 _aСельскохозяйственная техника в США :
_bСостояние и тенденции развития /
_cГ.И. Волков.
260 _aМосква :
_bМашгиз,
_c1963.
300 _a314 с. :
_bрис., табл., 1 вкл. л. схема ;
_c26 см.
650 1 4 _aСельскохозяйственные машины и орудия
650 1 4 _aМеханизация сельского хозяйства
090 _c467611
999 _c464418
_d464418